000
00269nam a2200109Ia 4500
008
220204s9999 xx 000 0 und d
082
_a
930.9
_b
TOY.1
100
_a
Toynebbe, Arnold J
245
2
_a
A study of history. V 1.
260
_a
New York
_b
Dell
_c
1946
942
_c
BK
999
_c
28657
_d
28657